000 00558nam a2200181Ia 4500
008 151202s9999||||xx |||||||||||||| ||und||
082 _bPNVM-10172
100 _aURQUHART THOMOS.
245 _aTHE LIFE OF GARGANTUA & THE HEROIC DEEDSOF PANTAGRUEL.
260 _b"G.ROUTLEDGE& SONS,LONDON."
260 _c0
300 _a220
600 _aURQUHART THOMOS.
630 _aTHE LIFE OF GARGANTUA & THE HEROIC DEEDSOF PANTAGRUEL.
700 _aURQUHART THOMOS.
730 _aTHE LIFE OF GARGANTUA & THE HEROIC DEEDSOF PANTAGRUEL.
942 _cBOOK
999 _c1276161
_d1276158